000 00884nam0a22002651 4500
001 rc\2357587
005 20250623052342.0
035 _a(NLR Aleph) 006593951
090 _a7176148
_c7176148
100 _a20110829d1977 |||y0rusy50 ca
101 1 _arus
_cyid
102 _aRU
105 _aa z |||a|
200 1 _aЗемляки
_eРассказы
_eПер. с евр.
_fГригорий Рабинков
_g[Худож. В.И. Левинсон]
210 _aМосква
_cСов. писатель
_d1977
215 _a240 с.
_cил.
_d18
700 1 _7ca
_8rus
_aРабинков
_bГ. Б.
_f1908-1981
_gГригорий Борисович
_9263218
_3RU\NLR\AUTH\770263274
801 0 _aRU
_bNLR
_gpsbo
801 1 _aRU
_bELAR
_2rusmarc
852 _aNLR
_j77-2/4162
899 _aRuMoRGB
_jБ 77-43/1045
899 _aRuMoRGB
_jБ 77-43/1044
942 _cBOOK
980 _aNB